000
00239nam a2200097Ia 4500
001
803218
005
20250826171110.0
008
250824s9999 xx 000 0 und d
245
0
_a
HİPER CEMİL
_c
MUSTAFA KEMAL ÇELİK
260
_b
GENÇ HAYAT
999
_c
803218
_d
803218